000
00243nam a22001217a 4500
040
_c
SK
082
_a
828
100
_a
COCHE A.G.
245
_a
Water for freshwater fish culture
260
_a
ROOME
_b
COC
_c
1981
300
_a
111p.
942
_c
EK
999
_c
9034
_d
9034